[Event "Vlissingen HZ op 21st"]
[Site "Vlissingen"]
[Date "2017.08.06"]
[Round "3"]
[White "Vlaar, Shannon"]
[Black "Grochal, Joey"]
[Result "0-1"]
[WhiteElo "1882"]
[BlackElo "2186"]
[PlyCount "88"]
[EventDate "2017.08.05"]
[EventType "swiss"]
[EventRounds "9"]
[EventCountry "NED"]
[SourceTitle "CBM 179 Extra"]
[Source "ChessBase"]
[SourceDate "2017.08.23"]
[SourceVersion "1"]
[SourceVersionDate "2017.08.23"]
[SourceQuality "1"]

1. e4 c5 2. Nf3 e6 3. d4 cxd4 4. Nxd4 Nc6 5. Nc3 Qc7 6. Be3 a6 7. Qd2 Nf6 8. f3 b5 9. a3 Be7 10. g4 h6 11. 0-0-0 Ne5 12. Bf4 b4 13. axb4 Bxb4 14. Nb3 d6 15. Be2 Bd7 16. Qd4 Rb8 17. Na2 Nc6 18. Qc4 e5 19. Be3 Be6 20. Rd5 Qb7 21. Rhd1 Bxd5 22. exd5 Ne7 23. Qxa6 Qxa6 24. Bxa6 Nexd5 25. Ba7 Ra8 26. Bb5+ Ke7 27. Nxb4 Nxb4 28. Bf2 Rab8 29. c4 Rhc8 30. Kb1 Ne8 31. Na5 Nc7 32. Nc6+ Nxc6 33. Bxc6 Ne6 34. Bb5 g6 35. Ka2 h5 36. b4 Rxb5 37. cxb5 Rc2+ 38. Kb3 Rxf2 39. b6 Kd7 40. Rc1 Nd4+ 41. Ka3 Rc2 42. Rxc2 Nxc2+ 43. Ka4 Kc6 44. Ka5 Nxb4 0-1

[Event "Regensburg Donau Cup"]
[Site "Regensburg"]
[Date "2017.05.26"]
[Round "4"]
[White "Vlaar, Shannon"]
[Black "Oberhofer, Cedric"]
[Result "0-1"]
[WhiteElo "1835"]
[BlackElo "2167"]
[PlyCount "90"]
[EventDate "2017.05.24"]
[EventType "swiss"]
[EventRounds "7"]
[EventCountry "GER"]
[SourceTitle "CBM 178 Extra"]
[Source "ChessBase"]
[SourceDate "2017.06.22"]
[SourceVersion "1"]
[SourceVersionDate "2017.06.22"]
[SourceQuality "1"]

1. e4 c5 2. Nf3 d6 3. d4 cxd4 4. Nxd4 Nf6 5. Nc3 a6 6. Bg5 e6 7. Qd2 h6 8. Bxf6 Qxf6 9. 0-0-0 Bd7 10. f4 Nc6 11. e5 dxe5 12. Ndb5 Qd8 13. Nd6+ Bxd6 14. Qxd6 Qe7 15. fxe5 Rd8 16. Bc4 Qg5+ 17. Kb1 Qxe5 18. Rhe1 Qxd6 19. Rxd6 Bc8 20. Rxd8+ Kxd8 21. Ne4 Ke7 22. c3 Rd8 23. Kc2 e5 24. Rf1 f5 25. Nc5 e4 26. g4 Ne5 27. Be2 g6 28. h4 e3 29. Nd3 Nxg4 30. Bxg4 fxg4 31. Re1 Bf5 32. Rxe3+ Kf6 33. Kd2 h5 34. Ke2 Bxd3+ 35. Rxd3 Rxd3 36. Kxd3 g5 37. hxg5+ Kxg5 38. Ke3 h4 39. Kf2 Kf4 40. b4 h3 41. c4 g3+ 42. Kg1 Kf3 43. a4 g2 44. b5 Kg3 45. c5 h2# 0-1

[Event "NED-ch U20 Girls"]
[Site "Haarlem"]
[Date "2012.05.06"]
[Round "9"]
[White "Vlaar, Shannon"]
[Black "Kazarian, Anna Maja"]
[Result "0-1"]
[WhiteElo "1706"]
[BlackElo "1968"]
[PlyCount "122"]
[EventDate "2012.04.28"]
[EventType "tourn"]
[EventRounds "9"]
[EventCountry "NED"]
[SourceTitle "EXT 2013"]
[Source "ChessBase"]
[SourceDate "2012.11.22"]
[SourceVersion "1"]
[SourceVersionDate "2012.11.22"]
[SourceQuality "1"]

1. e4 c5 2. Nf3 Nc6 3. d4 cxd4 4. Nxd4 e5 5. Nb5 d6 6. c4 Be7 7. N1c3 a6 8. Na3 f5 9. Bd3 f4 10. g3 Bg5 11. gxf4 Bxf4 12. Bxf4 exf4 13. Nd5 Nf6 14. Rg1 Qa5+ 15. Qd2 Qxd2+ 16. Kxd2 0-0 17. f3 Nxd5 18. cxd5 Ne5 19. Be2 b5 20. Nc2 Bd7 21. Nd4 Rac8 22. Rac1 a5 23. Rgf1 Nc4+ 24. Bxc4 bxc4 25. Rc3 Rc5 26. Rfc1 Rb8 27. b3 cxb3 28. Rxb3 Rxb3 29. axb3 Rxc1 30. Kxc1 Kf7 31. Kd2 g5 32. Ke2 Kf6 33. Kd3 h5 34. Ke2 Ke5 35. Kd3 g4 36. fxg4 hxg4 37. Nc6+ Bxc6 38. dxc6 Ke6 39. Ke2 Ke7 40. Kf2 Kd8 41. Kg2 f3+ 42. Kg3 Kc7 43. h4 gxh3 44. Kxh3 Kxc6 45. Kg3 Kc5 46. Kxf3 Kb4 47. Ke3 Kxb3 48. Kd4 a4 49. Kd5 a3 50. Kxd6 a2 51. e5 a1Q 52. e6 Qf6 53. Kd7 Kc4 54. e7 Qf7 55. Kd8 Qd5+ 56. Kc7 Qe6 57. Kd8 Qd6+ 58. Ke8 Kd5 59. Kf7 Qe6+ 60. Kf8 Qf6+ 61. Ke8 Kd6 0-1

[Event "NED-ch U20 Girls"]
[Site "Haarlem"]
[Date "2012.05.02"]
[Round "5"]
[White "Vlaar, Shannon"]
[Black "Reichardt, Monica"]
[Result "1-0"]
[WhiteElo "1706"]
[BlackElo "1242"]
[PlyCount "49"]
[EventDate "2012.04.28"]
[EventType "tourn"]
[EventRounds "9"]
[EventCountry "NED"]
[SourceTitle "EXT 2013"]
[Source "ChessBase"]
[SourceDate "2012.11.22"]
[SourceVersion "1"]
[SourceVersionDate "2012.11.22"]
[SourceQuality "1"]

1. e4 d6 2. d4 Nf6 3. Nc3 Nbd7 4. f4 e5 5. fxe5 dxe5 6. Nf3 Bd6 7. Bd3 c6 8. Bg5 Qc7 9. Qd2 h6 10. dxe5 Bxe5 11. Nxe5 Qxe5 12. Bf4 Qe7 13. 0-0-0 Ne5 14. Rhf1 Bd7 15. Ne2 g5 16. Bg3 Bg4 17. h3 Bxe2 18. Qxe2 Nfd7 19. Rf5 0-0-0 20. Qf2 b6 21. Ba6+ Kb8 22. Rxf7 Qe6 23. Rfxd7 Rxd7 24. Rxd7 Qxd7 25. Bxe5+ 1-0

[Event "NED-ch U20 Girls"]
[Site "Haarlem"]
[Date "2012.04.30"]
[Round "3"]
[White "Vlaar, Shannon"]
[Black "Van der Lende, Nathalie"]
[Result "0-1"]
[WhiteElo "1706"]
[BlackElo "1930"]
[PlyCount "76"]
[EventDate "2012.04.28"]
[EventType "tourn"]
[EventRounds "9"]
[EventCountry "NED"]
[SourceTitle "EXT 2013"]
[Source "ChessBase"]
[SourceDate "2012.11.22"]
[SourceVersion "1"]
[SourceVersionDate "2012.11.22"]
[SourceQuality "1"]

1. e4 c5 2. Nf3 Nc6 3. d4 cxd4 4. Nxd4 Nf6 5. Nc3 g6 6. Be3 Bg7 7. Bc4 0-0 8. Qd2 Ng4 9. Nxc6 dxc6 10. Bf4 Qb6 11. Na4 Qd4 12. Qe2 b5 13. h3 Ne5 14. Bb3 bxa4 15. Rd1 Qxb2 16. Bc1 Qc3+ 17. Bd2 Qc5 18. Bxa4 Nc4 19. 0-0 Nxd2 20. Rxd2 Qa5 21. Bxc6 Ba6 22. c4 Bxc4 23. Qxc4 Qxd2 24. Bxa8 Rxa8 25. Qc6 Rd8 26. Qc7 Qd7 27. Qc4 Rc8 28. Qb3 Qc6 29. Qb1 Bd4 30. Qd3 Qc3 31. Qa6 Rc6 32. Qb5 Rf6 33. Qe8+ Kg7 34. Qb5 Qd2 35. e5 Rxf2 36. Rxf2 Qxf2+ 37. Kh2 Qf4+ 38. Kh1 Bxe5 0-1

[Event "Delft Prinsenstad op-B"]
[Site "Delft"]
[Date "2012.04.07"]
[Round "3"]
[White "Vlaar, Shannon"]
[Black "Beijen, Mark2222"]
[Result "0-1"]
[WhiteElo "1706"]
[BlackElo "1802"]
[PlyCount "96"]
[EventDate "2012.04.06"]
[EventType "swiss"]
[EventRounds "6"]
[EventCountry "NED"]
[SourceTitle "EXT 2013"]
[Source "ChessBase"]
[SourceDate "2012.11.22"]
[SourceVersion "1"]
[SourceVersionDate "2012.11.22"]
[SourceQuality "1"]

1. e4 c5 2. Nf3 Nc6 3. c4 g6 4. Nc3 Bg7 5. d3 d6 6. Be3 Bg4 7. Be2 e6 8. 0-0 Nge7 9. Qd2 Bxf3 10. Bxf3 Nd4 11. Bd1 e5 12. Ba4+ Nec6 13. Nd5 0-0 14. f4 exf4 15. Bxf4 Ne6 16. Bh6 Qh4 17. Bxg7 Kxg7 18. Rf3 Ned4 19. Rf4 Qg5 20. Rxf7+ Rxf7 21. Qxg5 Raf8 22. h3 Ne5 23. Qe3 Nef3+ 24. gxf3 Rxf3 25. Re1 Rxe3 26. Rxe3 Nf3+ 27. Kg2 Nh4+ 28. Kg3 g5 29. e5 Nf5+ 30. Kg4 Nxe3+ 31. Nxe3 dxe5 32. Kxg5 Rf3 33. Nf5+ Kh8 34. Kf6 Rxh3 35. Kxe5 Rxd3 36. Be8 Rd2 37. Bf7 Rxb2 38. Kf6 Rxa2 39. Be6 h5 40. Kg6 Ra6 41. Kf7 Kh7 42. Bd5 Rc6 43. Bxc6 bxc6 44. Kf6 a5 45. Kg5 a4 46. Ne3 Kg7 47. Kxh5 Kf6 48. Kg4 Ke5 0-1

[Event "NED-ch U21 Girls"]
[Site "Haarlem"]
[Date "2011.05.05"]
[Round "6"]
[White "Vlaar, Shannon"]
[Black "Van der Lende, Nathalie"]
[Result "0-1"]
[WhiteElo "1737"]
[BlackElo "1767"]
[PlyCount "114"]
[EventDate "2011.04.30"]
[EventType "tourn"]
[EventRounds "9"]
[EventCountry "NED"]
[SourceTitle "EXT 2012"]
[Source "ChessBase"]
[SourceDate "2011.11.24"]
[SourceVersion "1"]
[SourceVersionDate "2011.11.24"]
[SourceQuality "1"]

1. e4 c5 2. Nf3 g6 3. d4 cxd4 4. Nxd4 Bg7 5. Nc3 Nc6 6. Be3 Nf6 7. Be2 0-0 8. Qd2 d6 9. f3 d5 10. 0-0-0 Nxd4 11. Bxd4 dxe4 12. Nxe4 Qd5 13. Nc3 Qa5 14. Bc4 Qb4 15. Qe2 a6 16. a3 Qd6 17. Be5 Qc5 18. Bd4 Qc6 19. Bb3 e6 20. Be5 b5 21. Rd6 Qc5 22. Rhd1 Bb7 23. f4 Ne8 24. Bxg7 Nxd6 25. Bxf8 Rxf8 26. Bxe6 fxe6 27. Qxe6+ Nf7 28. g4 Bc8 29. Qf6 Qe3+ 30. Kb1 Qe6 31. Nd5 Qxf6 32. Nxf6+ Kg7 33. g5 h6 34. h4 hxg5 35. hxg5 Rh8 36. Re1 Bf5 37. Ne8+ Kf8 38. Nf6 Nd6 39. Re2 Kf7 40. b3 Rh4 41. Rf2 Ne4 42. Nxe4 Bxe4 43. Kb2 Ke6 44. Kc3 Kf5 45. Kb4 Rxf4 46. Rxf4+ Kxf4 47. c4 bxc4 48. Kxc4 Kxg5 49. Kc3 Kf4 50. Kd2 Kf3 51. Ke1 g5 52. Kf1 g4 53. b4 g3 54. a4 g2+ 55. Kg1 Bc6 56. b5 axb5 57. a5 Bb7 0-1

[Event "NED-ch U21 Girls"]
[Site "Haarlem"]
[Date "2011.04.30"]
[Round "1"]
[White "Vlaar, Shannon"]
[Black "Warmelink, Evie"]
[Result "0-1"]
[WhiteElo "1737"]
[BlackElo "2051"]
[PlyCount "82"]
[EventDate "2011.04.30"]
[EventType "tourn"]
[EventRounds "9"]
[EventCountry "NED"]
[SourceTitle "EXT 2012"]
[Source "ChessBase"]
[SourceDate "2011.11.24"]
[SourceVersion "1"]
[SourceVersionDate "2011.11.24"]
[SourceQuality "1"]

1. e4 c5 2. Nf3 e6 3. d4 cxd4 4. Nxd4 Nf6 5. Nc3 d6 6. Be2 Be7 7. Be3 0-0 8. 0-0 Nc6 9. f4 a6 10. a4 Qc7 11. Nb3 b6 12. Bf3 Bb7 13. Ne2 Rac8 14. c3 Nd7 15. Nbd4 Na5 16. Bf2 Rfe8 17. Qc2 Nc4 18. Ng3 e5 19. Nde2 exf4 20. Nxf4 Bg5 21. Nd5 Qd8 22. Rfe1 Nf6 23. b3 Nxd5 24. exd5 Ne5 25. Be4 g6 26. c4 b5 27. axb5 axb5 28. Qb2 bxc4 29. bxc4 Ba8 30. Bb6 Qd7 31. Ra7 Qg4 32. Qf2 Rxc4 33. Bd4 f5 34. Bxe5 dxe5 35. Nxf5 gxf5 36. Bxf5 Qd4 37. Bxh7+ Kh8 38. Be4 Bd2 39. Rh7+ Kg8 40. Rd1 Be3 41. Rxd4 Rc1+ 0-1

[Event "NED-ch U21 Girls"]
[Site "Venlo"]
[Date "2009.04.29"]
[Round "6"]
[White "Ferrier, Yvonne"]
[Black "Vlaar, Shannon"]
[Result "0-1"]
[WhiteElo "1843"]
[BlackElo "1707"]
[PlyCount "128"]
[EventDate "2009.04.24"]
[EventType "tourn"]
[EventRounds "9"]
[EventCountry "NED"]
[SourceTitle "CBM 130 Extra"]
[Source "ChessBase"]
[SourceDate "2009.07.02"]
[SourceVersion "2"]
[SourceVersionDate "2009.07.15"]
[SourceQuality "1"]

1. e4 e5 2. Nf3 Nc6 3. Bb5 a6 4. Ba4 Nf6 5. 0-0 b5 6. Bb3 Be7 7. Re1 0-0 8. c3 d6 9. d3 Na5 10. Bc2 c5 11. Nbd2 Ne8 12. d4 cxd4 13. cxd4 Nc6 14. h3 Bb7 15. Nf1 Rc8 16. Be3 Nb4 17. Bb1 Qc7 18. Ng3 Nf6 19. Re2 Qb8 20. a3 Nc6 21. Ba2 Na5 22. Bd2 Nc4 23. Bc3 d5 24. Nf5 Bd8 25. Bxc4 exd4 26. Bb4 dxc4 27. Bxf8 d3 28. Re1 Kxf8 29. e5 Ne4 30. Ng3 Nxg3 31. fxg3 Qa7+ 32. Kh2 Qf2 33. Rb1 Ba5 34. Rf1 Qe2 35. b4 cxb3 36. Qxb3 Rc3 37. Qd1 Rc2 38. Nh4 Bxg2 39. Qxe2 dxe2 40. Nxg2 exf1Q 41. Rxf1 Re2 42. Rf5 Bc3 43. Kg1 Rxe5 44. Rf3 Bd4+ 45. Kf1 a5 46. Nf4 f6 47. Ne2 Bc5 48. Rb3 b4 49. axb4 Bxb4 50. Nd4 Ke8 51. Nc6 Re4 52. Nxb4 Rxb4 53. Ra3 a4 54. Kf2 Kd7 55. h4 Kc6 56. Ke2 Kb5 57. Kd2 Rb3 58. Rxb3+ axb3 59. Kc3 Ka4 60. Kb2 h5 61. Kb1 Ka3 62. Ka1 b2+ 63. Kb1 g6 64. g4 hxg4 0-1

[Event "NED-ch U21 Girls"]
[Site "Venlo"]
[Date "2009.04.25"]
[Round "2"]
[White "Braggaar, Leonore"]
[Black "Vlaar, Shannon"]
[Result "1-0"]
[WhiteElo "2030"]
[BlackElo "1707"]
[PlyCount "63"]
[EventDate "2009.04.24"]
[EventType "tourn"]
[EventRounds "9"]
[EventCountry "NED"]
[SourceTitle "CBM 130 Extra"]
[Source "ChessBase"]
[SourceDate "2009.07.02"]
[SourceVersion "2"]
[SourceVersionDate "2009.07.15"]
[SourceQuality "1"]

1. e4 e5 2. Nf3 Nc6 3. d4 exd4 4. Nxd4 Nf6 5. Nxc6 bxc6 6. e5 Nd5 7. c4 Nb6 8. Bd3 d5 9. Qf3 Qh4 10. cxd5 Bb4+ 11. Nd2 cxd5 12. Bb5+ Ke7 13. 0-0 Qg4 14. Bc6 Rb8 15. Qb3 Ba6 16. h3 Qd4 17. Nf3 Qe4 18. Rd1 Bc5 19. Bg5+ Ke6 20. Qc3 Qc4 21. Qd2 Qe4 22. Qa5 Be2 23. Qxc5 Bxd1 24. Rxd1 f6 25. exf6 gxf6 26. Re1 Qxe1+ 27. Nxe1 fxg5 28. Nf3 h6 29. Qe3+ Kd6 30. Nd4 Nc4 31. Qe6+ Kc5 32. Qxd5+ 1-0

[Event "NED-ch U21 Girls"]
[Site "Venlo"]
[Date "2009.04.24"]
[Round "1"]
[White "Brandenburg, Lucia"]
[Black "Vlaar, Shannon"]
[Result "1-0"]
[WhiteElo "1925"]
[BlackElo "1707"]
[PlyCount "115"]
[EventDate "2009.04.24"]
[EventType "tourn"]
[EventRounds "9"]
[EventCountry "NED"]
[SourceTitle "CBM 130 Extra"]
[Source "ChessBase"]
[SourceDate "2009.07.02"]
[SourceVersion "2"]
[SourceVersionDate "2009.07.15"]
[SourceQuality "1"]

1. e4 e5 2. Nf3 Nc6 3. d4 exd4 4. Bc4 Nf6 5. Ng5 d5 6. exd5 Nxd5 7. 0-0 Be6 8. Re1 Be7 9. Nxe6 fxe6 10. Qh5+ g6 11. Qf3 Qd7 12. Bh6 0-0-0 13. Nd2 Bf8 14. Bg5 Be7 15. Bxe7 Qxe7 16. Qe4 Kb8 17. Nf3 Qb4 18. Bb3 Nb6 19. Qxe6 d3 20. cxd3 Rxd3 21. Rad1 Nd4 22. Qe5 Nxf3+ 23. gxf3 Rdd8 24. Qf6 Rdf8 25. Qg7 Qf4 26. Re3 Qf6 27. Qxf6 Rxf6 28. Rde1 a6 29. Kg2 Rhf8 30. Re8+ Nc8 31. R1e7 Rxf3 32. Rxf8 Rxf8 33. Rxh7 Nd6 34. Bc2 Nf5 35. h4 Rf6 36. Rh8+ Ka7 37. Bxf5 Rxf5 38. Rh6 Rh5 39. Rxh5 gxh5 40. Kg3 c5 41. Kf4 b5 42. Ke5 Kb6 43. f4 c4 44. f5 Kc6 45. Ke6 b4 46. f6 c3 47. bxc3 bxc3 48. f7 Kb5 49. f8Q Kc4 50. Qc8+ Kd3 51. Qxa6+ Kd2 52. Qa5 Kc2 53. Qxh5 Kb2 54. Qe5 Kc2 55. h5 Kd3 56. h6 c2 57. Qf5+ Kd2 58. Qxc2+ 1-0

[Event "NED-ch U17 Girls"]
[Site "Venlo"]
[Date "2008.04.28"]
[Round "5"]
[White "Vlaar, Shannon"]
[Black "Schakel, Milly"]
[Result "1/2-1/2"]
[WhiteElo "1614"]
[BlackElo "1803"]
[PlyCount "37"]
[EventDate "2008.04.25"]
[EventType "swiss"]
[EventRounds "9"]
[EventCountry "NED"]
[SourceTitle "CBM 123 Extra"]
[Source "ChessBase"]
[SourceDate "2008.05.06"]
[SourceVersion "1"]
[SourceVersionDate "2008.05.06"]
[SourceQuality "1"]

1. e4 c5 2. Nf3 d6 3. d4 cxd4 4. Nxd4 Nf6 5. Nc3 a6 6. Be3 e5 7. Nb3 Be6 8. Be2 Be7 9. 0-0 0-0 10. a4 d5 11. exd5 Nxd5 12. Nc5 Nxe3 13. Qxd8 Rxd8 14. Nxe6 Nxf1 15. Nxd8 Bxd8 16. Kxf1 f5 17. Rd1 Bg5 18. Rd5 Nc6 19. Rd7 1/2-1/2

[Event "NED-ch U17 Girls"]
[Site "Venlo"]
[Date "2007.05.03"]
[Round "6"]
[White "Vlaar, Shannon"]
[Black "Dirksen, Marieke"]
[Result "1-0"]
[WhiteElo "1506"]
[BlackElo "1590"]
[PlyCount "127"]
[EventDate "2007.04.30"]
[EventType "swiss"]
[EventRounds "9"]
[EventCountry "NED"]
[SourceTitle "EXT 2009"]
[Source "ChessBase"]
[SourceDate "2008.11.26"]
[SourceVersion "1"]
[SourceVersionDate "2008.11.26"]
[SourceQuality "1"]

1. e4 c5 2. Nf3 d6 3. d4 cxd4 4. Nxd4 Nf6 5. Nc3 a6 6. a4 e5 7. Nb3 Be6 8. Nd5 Bxd5 9. exd5 Be7 10. Be3 Nbd7 11. a5 0-0 12. Be2 Ne8 13. 0-0 Bg5 14. Qd3 Bxe3 15. fxe3 g6 16. e4 Qc7 17. Rf3 Ng7 18. Raf1 Rac8 19. c4 Nc5 20. Qc2 Rb8 21. Ra1 f5 22. Nxc5 Qxc5+ 23. Kh1 fxe4 24. Qxe4 Nf5 25. Bd3 Qd4 26. Qe2 Ng7 27. Raf1 Rbe8 28. Qf2 Qxf2 29. R3xf2 Rxf2 30. Rxf2 e4 31. Bc2 Nf5 32. Re2 e3 33. Bxf5 gxf5 34. g3 Kf7 35. Kg2 Rc8 36. b3 Rc5 37. Rxe3 Rxa5 38. Kf3 Ra1 39. Kf4 a5 40. Kxf5 Ra3 41. Ke4 Ra2 42. h4 a4 43. bxa4 Rxa4 44. Kd3 Ra6 45. Kd4 Ra4 46. Rb3 Ra7 47. Rb4 Ke7 48. Rb3 Kd7 49. Rf3 Ke7 50. g4 b6 51. Rb3 Rb7 52. g5 Kf7 53. h5 Kg7 54. Ke4 Re7+ 55. Kf5 h6 56. gxh6+ Kxh6 57. Rxb6 Re5+ 58. Kf4 Rxh5 59. Rxd6+ Kg7 60. c5 Kf7 61. c6 Ke7 62. Rd7+ Ke8 63. Ke4 Rh6 64. Kd4 1-0

[Event "NED-ch U17 Girls"]
[Site "Venlo"]
[Date "2007.05.01"]
[Round "3"]
[White "Vlaar, Shannon"]
[Black "Bloemendaal, Nadia"]
[Result "0-1"]
[WhiteElo "1506"]
[BlackElo "1483"]
[PlyCount "46"]
[EventDate "2007.04.30"]
[EventType "swiss"]
[EventRounds "9"]
[EventCountry "NED"]
[SourceTitle "EXT 2009"]
[Source "ChessBase"]
[SourceDate "2008.11.26"]
[SourceVersion "1"]
[SourceVersionDate "2008.11.26"]
[SourceQuality "1"]

1. e4 c5 2. Nf3 Nc6 3. d4 cxd4 4. Nxd4 d6 5. Nc3 Nf6 6. Bc4 e6 7. Bg5 Be7 8. Ndb5 a6 9. Bxf6 gxf6 10. Nd4 Bd7 11. Nxc6 Bxc6 12. Qh5 Qd7 13. f4 b5 14. Bb3 b4 15. Ne2 Bxe4 16. Qa5 Qb7 17. Ba4+ Kf8 18. 0-0-0 e5 19. fxe5 Bd8 20. Qxd8+ Rxd8 21. Rxd6 Rxd6 22. exd6 Qb6 23. d7 Ke7 0-1

[Event "Hengelo U14 op"]
[Site "Hengelo"]
[Date "2005.08.09"]
[Round "3"]
[White "Gerth van Wijk, Jan Willem"]
[Black "Vlaar, Shannon"]
[Result "1-0"]
[WhiteElo "1663"]
[BlackElo "1353"]
[PlyCount "59"]
[EventDate "2005.08.??"]
[EventType "swiss"]
[EventRounds "9"]
[EventCountry "NED"]
[SourceTitle "CBM 107 Extra"]
[Source "ChessBase"]
[SourceDate "2005.09.01"]
[SourceVersion "1"]
[SourceVersionDate "2005.09.01"]
[SourceQuality "1"]

1. e4 e5 2. Nf3 Nc6 3. d4 exd4 4. Nxd4 Nxd4 5. Qxd4 Nf6 6. Bc4 g6 7. Bg5 Be7 8. Bh6 d6 9. 0-0 Rg8 10. e5 dxe5 11. Qxe5 Ng4 12. Qf4 Nxh6 13. Qxh6 Bf6 14. Qxh7 Rg7 15. Qh8+ Ke7 16. Qxd8+ Kxd8 17. Nc3 Bf5 18. Rad1+ Ke8 19. Nd5 Be5 20. Rfe1 Bxc2 21. Rd2 Bf5 22. Nxc7+ Ke7 23. Rxe5+ Kf6 24. Rxf5+ Kxf5 25. Nxa8 f6 26. h3 Kg5 27. Bb3 f5 28. Rc2 b6 29. Nc7 f4 30. Ne6+ 1-0